| 000 | 03659cam a2200361 i 4500 | ||
|---|---|---|---|
| 003 | SA-RiAUC | ||
| 005 | 20250922073031.0 | ||
| 008 | 250919s1983 su f g b 00100 ara c | ||
| 024 | 0 | _a00000000858828 | |
| 040 |
_aSA-MaUQU _bara _cSA-RiAUC _dAE-DuMBRL _erda |
||
| 043 | _af-ua--- | ||
| 082 | 0 | 4 |
_a737.49 _qSA-RiAUC |
| 090 |
_a737.49 _bم ح م |
||
| 100 | 1 |
_aمحمد، سامح عبد الرحمن فهمي، _d1951- _eمؤلف. |
|
| 245 | 1 | 2 |
_aالوحدات النقدية المملوكية : _bعصر المماليك البحرية 648-792 هـ / 1250-1390 م / _cالدكتور سامح عبد الرحمن فهمي. |
| 250 | _aالطبعة الأولى. | ||
| 264 | 1 |
_aجدة، السعودية : _bتهامة، _c1983. |
|
| 300 |
_a327 صفحة : _bلوحات ؛ _c24 × 17 سم. |
||
| 336 |
_aنص _btxt _2rdacontent _3كتاب |
||
| 337 |
_aبدون وسيط _bn _2rdamedia |
||
| 338 |
_aمجلد _bnc _2rdacarrier |
||
| 490 | 1 |
_aالكتاب الجامعي ؛ _v18 |
|
| 500 | _aملاحق : صفحة 267-296. | ||
| 500 | _aكشاف : صفحة 295-327. | ||
| 504 | _aببليوجرافية : صفحة 259-266. | ||
| 520 | _aيهدِف هذا الكتاب إلى تسليط الضوء على المسكوكات الإسلامية المملوكية. وقد تم تقسيم فهرس هذا الكتاب إلى أربعة فصول. الفصل الأول تناول : الوحدات النقدية للمسكوكات قبل السلطان الظاهر بيبرس البندقداري (648-658 هـ / 1250-1260 م) ويشتمل على : وحدات السلطانة شجر الدر، وحدات السلطان الملك المعز عز الدين أيبك. في حين تناول الفصل الثاني : الوحدات النقدية لمسكوكات السلطان الظاهر بيبرس وأبنائه (658-678 هـ / 1260-1279 م) ويشتمل على : وحدات السلطان الملك السعيد ناصر الدين بركه قان. كما تناول الفصل الثالث : الوحدات النقدية لمسكوكات السلطان قلاوون وأبنائه (678-741 هـ / 1279-1341 م) ويشتمل على : وحدات السلطان الملك المنصور سيف الدين قلاوون، وحدات السلطان الملك العادل زين الدين كتبغا. وأخيرا يأتي الفصل الرابع ليتناول : الوحدات النقدية لمسكوكات أبناء السلطان الناصر محمد بن قلاوون (741-792 هـ / 1341-1390 م) ويشتمل على : وحدات السلطان الملك المنصور سيف الدين أبو بكر، وحدات السلطان الملك علاء الدين كجك، وحدات السلطان الملك شهاب الدين أحمد. ثم في نهاية الكتاب تأتي : المصادر والمراجع، الملاحق وهي : ثبت بأسماء سلاطين المماليك البحرية في مصر، ثبت بأسماء الخلفاء العباسيين بمصر زمن المماليك البحرية، فهرست الوحدات النقدية للسكة المملوكية. كشاف لوحات الوحدات النقدية لمسكوكات المماليك البحرية، اللوحات. | ||
| 650 | 7 |
_aالمسكوكات _xتاريخ _2aucsh |
|
| 650 | 7 |
_aالنقود المعدنية الإسلامية _zمصر _xتاريخ _yالعصر المملوكي، 1250-1517 _2aucsh |
|
| 830 | 2 |
_aالكتاب الجامعي (تهامة للنشر والتوزيع) _v18 |
|
| 942 |
_2ddc _cBOOK _n0 |
||
| 949 |
_aSA-JeALM _d250919 _umohamedma123 _n1 |
||
| 999 |
_c11988 _d11988 |
||